[Event "XXXII Belgrade Trophy 2018"]
[Site "Belgrade"]
[Date "2018.12.01"]
[Round "8"]
[White "Eric, Jovana"]
[Black "Petrovic, Petar R"]
[Result "0-1"]
[WhiteElo "2257"]
[BlackElo "2014"]
[Annotator "RC"]
[PlyCount "84"]
[EventDate "2018.11.24"]
[EventType "swiss"]
[EventCountry "SRB"]
[SourceTitle "playchess.com"]
[Source "ChessBase"]
[SourceQuality "1"]
[TimeControl "40/5400+30:900+30"]

1. e4 {[%emt 1:30:30]} d5 {[%emt 1:30:30]} 2. exd5 {[%emt 0:00:30]} Qxd5 {[%emt 0:00:30]} 3. Nc3 {[%emt 0:00:30]} Qd8 {[%emt 0:00:30]} 4. d4 {[%emt 0:00:30]} c6 {[%emt 0:00:30]} 5. Bc4 {[%emt 0:00:30]} Nf6 {[%emt 0:00:30]} 6. Nf3 {[%emt 0:00:30]} Bf5 {[%emt 0:00:30]} 7. Qe2 {[%emt 0:00:30]} e6 {[%emt 0:00:30]} 8. Bg5 {[%emt 0:00:30]} Nbd7 {[%emt 0:00:30]} 9. O-O-O {[%emt 0:00:30]} Be7 {[%emt 0:00:30]} 10. Ne5 {[%emt 0:00:30]} Nxe5 {[%emt 0:00:30]} 11. dxe5 {[%emt 0:00:30]} Nd5 {[%emt 0:00:30]} 12. Bxe7 {[%emt 0:00:30]} Qxe7 {[%emt 0:00:30]} 13. Bxd5 {[%emt 0:00:30]} exd5 {[%emt 0:00:30]} 14. Kb1 {[%emt 0:00:30]} O-O-O {[%emt 0:00:30]} 15. g4 {[%emt 0:00:30]} Be6 {[%emt 0:00:30]} 16. Rd4 {[%emt 0:00:30]} Kb8 {[%emt 0:00:30]} 17. Rhd1 {[%emt 0:00:30]} Bc8 {[%emt 0:00:30]} 18. f4 {[%emt 0:00:30]} f6 {[%emt 0:00:30]} 19. Re1 {[%emt 0:00:30]} Rhe8 {[%emt 0:00:30]} 20. Qf3 {[%emt 0:00:30]} Qc5 {[%emt 0:00:30]} 21. Rdd1 {[%emt 0:00:30]} fxe5 {[%emt 0:00:30]} 22. fxe5 {[%emt 0:00:30]} Be6 {[%emt 0:00:30]} 23. Qg3 {[%emt 0:00:30]} g5 {[%emt 0:00:30]} 24. Ne2 {[%emt 0:00:30]} d4 {[%emt 0:00:30]} 25. Nc1 {[%emt 0:00:30]} Qd5 {[%emt 0:00:30]} 26. c3 {[%emt 0:00:30]} Qc4 {[%emt 0:00:30]} 27. cxd4 {[%emt 0:00:30]} Rxd4 {[%emt 0:00:30]} 28. Rxd4 {[%emt 0:00:30]} Qxd4 {[%emt 0:00:30]} 29. h3 {[%emt 0:00:30]} Rf8 {[%emt 0:00:30]} 30. Nb3 {[%emt 0:00:30]} Qd5 {[%emt 0:00:30]} 31. Qe3 {[%emt 0:00:30]} h6 {[%emt 0:00:30]} 32. Qe2 {[%emt 0:00:30]} Rd8 {[%emt 0:00:30]} 33. Rf1 {[%emt 0:00:30]} a5 {[%emt 0:00:30]} 34. Nc1 {[%emt 0:00:30]} a4 {[%emt 0:00:30]} 35. Qe3 {[%emt 0:00:30]} Qb5 {[%emt 0:00:30]} 36. Rf6 {[%emt 0:00:30]} a3 {[%emt 0:00:30]} 37. Qxa3 {[%emt 0:00:30]} Qxe5 {[%emt 0:00:30]} 38. Rf8 {[%emt 0:00:30]} Rxf8 {[%emt 0:00:30]} 39. Qxf8+ {[%emt 0:00:30]} Ka7 {[%emt 0:00:30]} 40. Qxh6 {[%emt 0:00:30]} Qe4+ {[%emt 0:00:30]} 41. Ka1 {[%emt 0:15:30]} Qe3 {[%emt 0:15:30]} 42. Kb1 {[%emt 0:00:30]} Bd5 {[%emt 0:00:30]} 0-1

[Event "XXXII Belgrade Trophy 2018"]
[Site "Belgrade"]
[Date "2018.12.01"]
[Round "8"]
[White "Veleski, Robert"]
[Black "Cerovic, Danilo"]
[Result "0-1"]
[WhiteElo "2211"]
[BlackElo "2333"]
[Annotator "RC"]
[PlyCount "96"]
[EventDate "2018.11.24"]
[EventType "swiss"]
[EventCountry "SRB"]
[SourceTitle "playchess.com"]
[Source "ChessBase"]
[SourceQuality "1"]
[TimeControl "40/5400+30:900+30"]

1. Nf3 {[%emt 0:00:00]} Nf6 {[%emt 0:02:58]} 2. g3 {[%emt 0:00:38]} g6 {[%emt 0:01:02]} 3. Bg2 {[%emt 0:00:21]} Bg7 {[%emt 0:00:08]} 4. O-O {[%emt 0:00:26]} O-O {[%emt 0:00:32]} 5. d3 {[%emt 0:02:09]} d5 {[%emt 0:00:38]} 6. a3 {[%emt 0:01:59]} a5 {[%emt 0:02:18]} 7. a4 {[%emt 0:02:18]} Nc6 {[%emt 0:00:42]} 8. Na3 {[%emt 0:00:26]} e5 {[%emt 0:03:57]} 9. c3 {[%emt 0:04:53]} h6 {[%emt 0:03:06]} 10. Bd2 {[%emt 0:02:31]} e4 {[%emt 0:02:59]} 11. Ne1 {[%emt 0:05:20]} Re8 {[%emt 0:03:33]} 12. d4 {[%emt 0:04:14]} Bf5 {[%emt 0:01:34]} 13. Nec2 {[%emt 0:00:43]} Qd7 {[%emt 0:06:23]} 14. Nb5 {[%emt 0:00:59]} Rac8 {[%emt 0:06:04]} 15. Ne3 {[%emt 0:00:55]} Bh3 {[%emt 0:00:55]} 16. Qb3 {[%emt 0:05:50]} Ne7 {[%emt 0:05:39]} 17. Rfc1 {[%emt 0:08:42]} h5 {[%emt 0:06:46]} 18. c4 {[%emt 0:01:26]} Bxg2 {[%emt 0:08:04]} 19. Kxg2 {[%emt 0:00:37]} c6 {[%emt 0:00:13]} 20. Nc3 {[%emt 0:06:14]} Ng4 {[%emt 0:11:33]} 21. cxd5 {[%emt 0:02:52]} Bxd4 {[%emt 0:01:51]} 22. Nxg4 {[%emt 0:03:56]} Qxg4 {[%emt 0:03:42]} 23. d6 {[%emt 0:09:25]} Bxc3 {[%emt 0:01:04]} 24. Qxc3 {[%emt 0:02:41]} Nd5 {[%emt 0:01:11]} 25. Qd4 {[%emt 0:00:51]} Rcd8 {[%emt 0:02:00]} 26. h3 {[%emt 0:05:45]} Qxe2 {[%emt 0:01:36]} 27. Bh6 {[%emt 0:03:39]} f6 {[%emt 0:02:29]} 28. Ra3 {[%emt 0:00:51]} Rxd6 {[%emt 0:02:06]} 29. Qc5 {[%emt 0:02:06]} Rde6 {[%emt 0:00:42]} 30. Rc2 {[%emt 0:01:39]} Qa6 {[%emt 0:01:22]} 31. Be3 {[%emt 0:01:09]} b6 {[%emt 0:01:45]} 32. Qc4 {[%emt 0:00:58]} Qxc4 {[%emt 0:00:21]} 33. Rxc4 {[%emt 0:00:06]} c5 {[%emt 0:00:17]} 34. Rc2 {[%emt 0:05:42]} Rd6 {[%emt 0:00:42]} 35. Re2 {[%emt 0:00:22]} g5 {[%emt 0:00:54]} 36. Ra1 {[%emt 0:00:42]} Nb4 {[%emt 0:02:46]} 37. Bd2 {[%emt 0:01:45]} Nc2 {[%emt 0:01:03]} 38. Bf4 {[%emt 0:00:27]} gxf4 {[%emt 0:00:24]} 39. Rxc2 {[%emt 0:00:07]} f3+ {[%emt 0:00:03]} 40. Kh2 {[%emt 0:05:10]} f5 {[%emt 0:00:54]} 41. Rg1 {[%emt 0:18:06]} Kf7 {[%emt 0:15:46]} 42. g4 {[%emt 0:00:00]} hxg4 {[%emt 0:00:00]} 43. Kg3 {[%emt 0:00:00]} gxh3 {[%emt 0:00:00]} 44. Kf4 {[%emt 0:00:10]} Rg6 {[%emt 0:00:00]} 45. Rh1 {[%emt 0:00:52]} Kf6 {[%emt 0:00:00]} 46. Rxh3 {[%emt 0:00:07]} Rg4+ {[%emt 0:00:00]} 47. Ke3 {[%emt 0:00:06]} Rd8 {[%emt 0:00:00]} 48. Rc3 {[%emt 0:00:11]} Ke5 {[%emt 0:00:00] Kd4+ [%clk 0:00:00]} 0-1

[Event "XXXII Belgrade Trophy 2018"]
[Site "Belgrade"]
[Date "2018.12.01"]
[Round "8"]
[White "Gunduz, Umut Erdem"]
[Black "Djordjevic, Vuk"]
[Result "1/2-1/2"]
[WhiteElo "2205"]
[BlackElo "2414"]
[Annotator "TA"]
[PlyCount "75"]
[EventDate "2018.11.24"]
[EventType "swiss"]
[EventCountry "SRB"]
[SourceTitle "playchess.com"]
[Source "ChessBase"]
[SourceQuality "1"]

{[%evp 18,75,0,0,6,0,0,-8,0,0,17,-2,-10,-9,-6,-50,-47,-55,-84,-55,-32,-94,-52,-96,-43,-84,-10,-10,-10,-12,-12,-8,0,-37,-29,-31,-31,-61,-6,-8,-2,-45,-44,-49,-41,-49,-50,-120,85,69,231,0,0,0,188,0,0,0,79,0]} 1. e4 e6 2. d4 d5 3. Nd2 a6 4. Ngf3 c5 5. exd5 exd5 6. dxc5 Bxc5 7. Nb3 Bb6 8. Bd3 Nf6 9. O-O {C08: French Tarrasch: 3...c5 4 exd5 exd5 sidelines} (9. Qe2+ Qe7 10. Qxe7+ Kxe7 11. Bg5 h6 12. Bh4 Nc6 13. O-O-O g5 14. Bg3 Be6 15. Ne5 Nh5 16. Nxc6+ bxc6 {½-½ (52) Pavlidis,A (2539)-Piorun,K (2651) Katowice 2017}) 9... O-O 10. h3 {LiveBook: 9 Games} Ne4 11. Nfd4 $146 {The position is equal.} ({Predecessor:} 11. c3 Nc6 12. Bc2 f5 13. Nbd4 Qf6 14. Ne2 Be6 15. Be3 Bxe3 16. fxe3 g5 {0-1 (25) Gorodetzky,M (2074)-Juksta,K (2090) Panevezys 2017}) 11... Qd6 12. Be3 Bc7 {[%csl Gc7][%cal Rd6h2]} 13. Nf3 Bf5 14. Nbd4 Bg6 15. Ne2 Qf6 16. Qc1 Nc6 17. Nf4 Bxf4 18. Bxf4 Rac8 19. a3 (19. Rd1 $15) 19... h6 20. Re1 Rfe8 (20... Bh5 $17 {White must now prevent ...Bxf3.} 21. g4 Bg6) 21. Bh2 Re7 (21... Bh5 $17 22. Re3 Nc5) 22. c3 $11 Rce8 23. Qf4 Ng5 24. Rxe7 Qxe7 25. Nxg5 Bxd3 26. Nf3 Qe2 $36 {[%mdl 2048] White is under pressure.} 27. Qc1 Bc4 (27... Bf5 $15) 28. Bg3 Qd3 29. Bf4 Re2 30. Be3 Rc2 31. Qb1 Qe2 32. b3 (32. Ne1 $15 Rxb2 33. Qf5) 32... Rb2 $2 (32... Bd3 $17 {keeps the pressure on.} 33. Nd4 Nxd4 34. cxd4 Rc3) 33. Qf5 $16 Rxb3 $2 (33... d4 $14 34. Qc8+ (34. bxc4 Ne7 $15) (34. cxd4 Be6 $11) (34. Nxd4 Nxd4 35. cxd4 Rxb3 $11) 34... Kh7 35. cxd4 (35. bxc4 dxe3 36. Qf5+ {[%mdl 64] Double Attack} Kh8 $11) (35. Nxd4 Nxd4 36. bxc4 Nc2 $11) 35... Be6 36. Qxb7 Rc2) 34. Qc8+ $2 (34. Re1 $1 $18 {[%cal Re1e2]} Qd3 35. Qc8+ Kh7 36. Bc5) 34... Kh7 $11 35. Qf5+ $2 (35. Ng5+ $11 Kg6 36. Ne6 $1 {[%mdl 512]} fxe6 37. Qxe6+ Kh7 38. Qf5+ Kg8 39. Qe6+ Kf8 40. Bc5+ Ne7 41. Bxe7+ Ke8 42. Qxe2 Bxe2 43. Bb4) 35... Kg8 $18 {[#]} 36. Qc8+ (36. Re1 $1 $18 {[%cal Re1e2] is the precise move to win.} Qd3 37. Qc8+ Kh7 38. Bf4) 36... Kh7 $16 37. Qf5+ Kg8 {[#]} 38. Qc8+ {Accuracy: White = 38%, Black = 31%.} ({White should play} 38. Re1 $1 $16 {[%cal Re1e2]} Qd3 39. Qc8+ Kh7 40. Bf4) 1/2-1/2

[Event "XXXII Belgrade Trophy 2018"]
[Site "Belgrade"]
[Date "2018.12.01"]
[Round "8"]
[White "Damjanovic, Vuk"]
[Black "Lundin, Jan"]
[Result "0-1"]
[WhiteElo "2053"]
[BlackElo "2287"]
[Annotator "RC"]
[PlyCount "60"]
[EventDate "2018.11.24"]
[EventType "swiss"]
[EventCountry "SRB"]
[SourceTitle "playchess.com"]
[Source "ChessBase"]
[SourceQuality "1"]
[TimeControl "40/5400+30:900+30"]

1. d4 {[%emt 0:01:37]} f5 {[%emt 0:00:00]} 2. Bg5 {[%emt 0:00:55]} g6 {[%emt 0:00:32]} 3. Nc3 {[%emt 0:04:23]} Bg7 {[%emt 0:00:07]} 4. e4 {[%emt 0:07:20]} fxe4 {[%emt 0:01:00]} 5. Nxe4 {[%emt 0:00:13]} d5 {[%emt 0:00:05]} 6. Nc3 {[%emt 0:02:52]} Nh6 {[%emt 0:06:53]} 7. Be2 {[%emt 0:05:39]} Nf5 {[%emt 0:03:30]} 8. Nf3 {[%emt 0:00:10]} Nc6 {[%emt 0:00:47]} 9. Bb5 {[%emt 0:00:43]} Qd6 {[%emt 0:09:09]} 10. Qd2 {[%emt 0:09:46]} O-O {[%emt 0:11:56]} 11. Bxc6 {[%emt 0:01:48]} Qxc6 {[%emt 0:00:19]} 12. O-O {[%emt 0:05:05]} e6 {[%emt 0:03:43]} 13. Rfe1 {[%emt 0:12:56]} a5 {[%emt 0:05:26]} 14. a4 {[%emt 0:04:41]} Qb6 {[%emt 0:02:22]} 15. Rad1 {[%emt 0:04:46]} Bd7 {[%emt 0:03:26]} 16. Ne5 {[%emt 0:05:34]} Be8 {[%emt 0:00:17]} 17. g4 {[%emt 0:07:07]} Nd6 {[%emt 0:25:09]} 18. b3 {[%emt 0:06:50]} Nf7 {[%emt 0:01:32]} 19. Nxf7 {[%emt 0:04:47]} Rxf7 {[%emt 0:00:30]} 20. Bh6 {[%emt 0:03:10]} Bxh6 {[%emt 0:05:20]} 21. Qxh6 {[%emt 0:00:07]} Bd7 {[%emt 0:00:12]} 22. Qe3 {[%emt 0:04:35]} Raf8 {[%emt 0:00:16]} 23. Kg2 {[%emt 0:00:19]} c5 {[%emt 0:05:39]} 24. Ne2 {[%emt 0:00:45]} e5 {[%emt 0:05:30]} 25. dxe5 {[%emt 0:02:41]} d4 {[%emt 0:04:04]} 26. Qg3 {[%emt 0:00:07]} Rf3 {[%emt 0:01:05]} 27. Qh4 {[%emt 0:00:53]} Qe6 {[%emt 0:00:25]} 28. h3 {[%emt 0:02:55]} Bc6 {[%emt 0:00:16]} 29. Kg1 {[%emt 0:00:42]} Qd5 {[%emt 0:00:49]} 30. c4 {[%emt 0:00:17]} Rg3+ {[%emt 0:00:27]} 0-1

[Event "XXXII Belgrade Trophy 2018"]
[Site "Belgrade"]
[Date "2018.12.02"]
[Round "9"]
[White "Blagojevic, Dragisa"]
[Black "Abramovic, Bosko"]
[Result "1/2-1/2"]
[WhiteElo "2494"]
[BlackElo "2372"]
[Annotator "TA"]
[PlyCount "84"]
[EventDate "2018.11.24"]
[EventType "swiss"]
[EventCountry "SRB"]
[SourceTitle "playchess.com"]
[Source "ChessBase"]
[SourceQuality "1"]

{[%evp 24,84,16,-13,41,24,15,28,26,-2,-8,-34,-31,-79,-44,-68,-43,-42,-36,-77,-76,-79,-74,-109,-108,-131,-139,-131,-139,-161,-78,-87,-66,-70,-68,-68,-68,-68,-68,-68,-68,-70,-28,-35,-30,-38,-9,-21,0,0,0,0,0,0,0,0,0,0,0,0,0,0,0]} 1. d4 Nf6 2. c4 e6 3. Nf3 d5 4. g3 Bb4+ 5. Bd2 Be7 6. Bg2 c6 7. Qc2 Nbd7 8. O-O O-O 9. Rd1 b6 10. b3 Bb7 11. Nc3 Rc8 12. Bf4 c5 13. Nb5 {LiveBook: 6 Games. E08: Closed Catalan: Main Line: 7 Qc2} a6 (13... cxd4 $11 14. Rxd4 Bc5) (13... cxd4 14. Nd6 Bxd6 15. Bxd6 Re8 16. Nxd4 Nc5 17. Bxc5 Rxc5 18. Qb2 e5 19. Nb5 Qb8 20. e3 h5 {0-1 (33) Meier,G (2648)-Naiditsch,A (2701) Karlsruhe/Baden-Baden 2018}) 14. Nd6 $14 Bxd6 $1 15. Bxd6 Re8 16. dxc5 bxc5 17. cxd5 exd5 18. Bh3 $146 ({Predecessor:} 18. Rac1 Ne4 19. Bf4 Qb6 20. Bh3 Rcd8 {½-½ (34) Ott,F (2006)-Peters,T (1819) Oberhof 2012}) 18... Qb6 19. Bf4 d4 20. Bg5 Rc6 21. Ne1 h6 22. Bxf6 Nxf6 {[%cal Bd7f6,Bf6e4,Be4c3][%mdl 32]} 23. Nd3 Rc7 24. Rac1 Ne4 25. Re1 Nc3 26. Bf1 Be4 (26... Rce7 $19 27. Qb2 Qc6) 27. Qd2 Bxd3 (27... Rce7 {is interesting.} 28. Nb2 Bb7 29. f3 g5 30. Nc4 Qf6) 28. exd3 Rce7 29. Rxe7 Rxe7 30. Re1 Rxe1 31. Qxe1 Qe6 $1 {[%cal Re6e1]} 32. Qd2 Qe5 33. h4 a5 34. Kh2 f5 35. Bg2 {The position is equal.} Kf7 36. Bf3 Kf6 37. h5 Qd6 38. Kg2 Qe5 39. Kf1 g5 40. hxg6 $1 Kxg6 41. Kg2 Kg7 42. Kh3 Kg6 {Accuracy: White = 66%, Black = 60%.} 1/2-1/2

[Event "XXXII Belgrade Trophy 2018"]
[Site "Belgrade"]
[Date "2018.12.02"]
[Round "9"]
[White "Antic, Dejan"]
[Black "Radovanovic, Mihajlo"]
[Result "0-1"]
[WhiteElo "2462"]
[BlackElo "2466"]
[Annotator "TA"]
[PlyCount "135"]
[EventDate "2018.11.24"]
[EventType "swiss"]
[EventCountry "SRB"]
[SourceTitle "playchess.com"]
[Source "ChessBase"]
[SourceQuality "1"]

{[%evp 14,135,43,30,55,29,23,22,29,21,32,32,29,26,35,35,45,45,41,35,38,23,29,6,8,0,32,58,51,0,0,-10,-16,-39,10,1,0,0,0,-64,-64,-52,-58,-57,-54,-58,-37,-56,-37,-60,-38,-69,-60,-101,-79,-93,-26,-27,-34,-115,-96,-96,-94,-118,-56,-236,-109,-98,-107,-278,-285,-275,-276,-280,-247,-210,-125,-170,-170,-181,-74,-111,-74,-107,-104,-116,-74,-87,-78,-101,-101,-163,-142,-438,-435,-421,-388,-402,-402,-425,-29,-45,-29,-29,-29,-47,-50,-70,-70,-110,-70,-71,-70,-67,-8,-8,0,-12,-20,-46,-63,-331,-331,-331]} 1. d4 Nf6 2. Nf3 g6 3. c4 Bg7 4. g3 O-O 5. Bg2 d6 6. O-O Nc6 7. Nc3 Bf5 8. Bg5 {LiveBook: 22 Games} Qd7 {E62: King's Indian: Fianchetto: 6...c6 and Panno Variation (6...Nc6) without ...a6} (8... Ne4 9. Nxe4 Bxe4 10. d5 Na5 11. b3 c5 12. Rc1 Re8 13. Qd2 a6 14. Bh3 Bxf3 15. exf3 b5 16. Rfe1 bxc4 17. bxc4 {1-0 (62) Aronian,L (2785)-Fressinet,L (2672) Doha 2016}) 9. Qd2 Ne4 $146 ({Predecessor:} 9... Bh3 10. Bh6 Bxg2 11. Kxg2 e5 12. Bxg7 Kxg7 13. dxe5 Nxe5 14. Nxe5 dxe5 15. Qxd7 Nxd7 16. Rad1 {½-½ (27) Uhlendorf,K (1949)-Puerthner,N (1883) Germany 2006}) 10. Nxe4 Bxe4 {The position is equal.} 11. d5 Bxf3 12. exf3 Nd4 13. Rae1 Rfe8 14. Be3 c5 15. dxc6 $1 Nxc6 16. f4 Red8 17. b4 {And now b5 would win.} e6 18. Rd1 Ne7 {[%cal Bc6e7,Be7f5,Bf5d6][%mdl 32]} 19. Bd4 Rac8 20. Bxg7 Kxg7 21. Qd4+ ({White should try} 21. c5 $14) 21... Kg8 $1 $11 22. Rd3 Nf5 23. Qe4 Qc6 24. Qxc6 bxc6 25. Rfd1 d5 26. b5 ({Better is} 26. c5 $11) 26... Nd6 $36 {[%mdl 2048] Black is pushing.} 27. cxd5 cxd5 28. a4 Rc5 29. Rb3 Rb8 30. Bf1 Kf8 31. Bd3 Ke7 32. Kg2 a5 33. Rbb1 Kd7 34. Rdc1 Rxc1 (34... Rbc8 $17 35. Rxc5 Rxc5) 35. Rxc1 $17 {[%mdl 4096] Endgame KRB-KRN} Rc8 36. Rb1 (36. Rc2 $15) 36... Kc7 37. Kf3 Kb6 38. Ke3 Nb7 ({Black should play} 38... Rc3 $17 39. Ra1 Nb7) 39. h4 $2 (39. Rb2 $15) 39... Nc5 (39... Rc3 $1 $19 40. Kd4 Ra3) 40. Bc2 Nd7 41. Bd3 $2 (41. Kd2 $17 {is a better defense.}) 41... Rc3 $1 $19 42. Kd4 {[#]} Ra3 $1 43. Bc2 Ra2 44. Rc1 Rb2 (44... Nc5 $19 45. f3 Nxa4) 45. h5 Rb4+ 46. Ke3 Rc4 (46... gxh5 $19 47. Rh1 Nc5 48. Rxh5 Nxa4 49. Bxa4 Rxa4 50. Rxh7 Re4+ 51. Kd3 a4) 47. Kd2 Nc5 48. h6 d4 {[%cal Bd5d4,Bd4d3][%mdl 32]} 49. Ra1 Rb4 50. Ra2 Kc7 51. f3 Kd6 52. g4 (52. Ke2 $17 {keeps fighting.}) 52... f5 53. Ra1 $2 {[%mdl 8192]} (53. Ra3 $17) 53... d3 54. Bd1 fxg4 55. fxg4 Rxf4 56. Rb1 {[#]} Kc7 $2 (56... e5 $1 $19 {...g5 is the strong threat.} 57. g5 Rd4) 57. b6+ $1 $11 Kb7 {Strongly threatening ...Rb4.} 58. Rb5 Nxa4 {White must now prevent ...Rf2+.} 59. Rxa5 Nxb6 {aiming for ...Nc4+.} 60. Ke3 Rf1 $1 61. Bf3+ Kc7 62. Ra7+ Kd6 {Threatens to win with ...d2!} 63. Be4 Nd7 (63... Re1+ $15 64. Kxd3 Nd7) 64. Bxd3 Rh1 65. Bb5 Nf6 66. g5 Rh3+ 67. Ke2 $2 {[%mdl 8192]} ({White has to play} 67. Kd4 $1 $15 e5+ 68. Kc4 Rh4+ 69. Kd3) 67... Ne4 $19 68. Rxh7 {Accuracy: White = 34%, Black = 56%.} 0-1

[Event "XXXII Belgrade Trophy 2018"]
[Site "Belgrade"]
[Date "2018.12.02"]
[Round "9"]
[White "Djordjevic, Vuk"]
[Black "Svicevic, Rastko"]
[Result "1-0"]
[WhiteElo "2414"]
[BlackElo "2236"]
[Annotator "TA"]
[PlyCount "110"]
[EventDate "2018.11.24"]
[EventType "swiss"]
[EventCountry "SRB"]
[SourceTitle "playchess.com"]
[Source "ChessBase"]
[SourceQuality "1"]

{[%evp 19,110,17,23,23,28,18,102,112,99,106,114,107,108,108,106,70,63,46,43,46,73,62,61,66,83,61,150,37,36,36,36,36,36,41,45,34,36,39,70,72,82,83,102,102,108,104,129,95,203,194,280,271,287,270,275,276,370,340,342,307,297,321,287,290,343,334,288,276,327,353,355,355,311,352,342,319,468,464,643,556,1343,1359,1177,556,552,493,548,0,0,0,0,0,901]} 1. e4 c5 2. Nf3 Nc6 3. Bb5 g6 4. O-O Bg7 5. Bxc6 dxc6 6. h3 e5 7. d3 Qe7 8. Nc3 Nf6 {B31: Sicilian: 2...Nc6 3 Bb5 g6} 9. Be3 O-O 10. Qd2 Rd8 {LiveBook: 7 Games} 11. b3 Nh5 12. Ne2 Nf4 (12... Nf6 $11 {remains equal.}) 13. Nxf4 $146 (13. Bxf4 exf4 14. e5 (14. Qxf4 Bxa1 15. Rxa1 Be6 $15) 14... g5 $11) ({Predecessor:} 13. Kh2 Ne6 14. Rae1 {½-½ (14) Boidman,Y (2424)-Skembris,S (2451) Paderborn 2006}) 13... exf4 14. Bxf4 Bxa1 15. Rxa1 f6 16. Re1 {[%mdl 1024] White has strong compensation.} Re8 17. Qc3 Be6 18. Bc1 b6 19. Nh2 Rf8 20. f4 Qd7 21. Nf3 Qg7 22. Bb2 Qc7 {[#]} (22... Rae8 $14) 23. e5 (23. f5 $1 $16 {[%mdl 512]} gxf5 24. e5) 23... f5 $1 $14 24. d4 cxd4 25. Nxd4 {[%mdl 64] Double Attack} Rfe8 26. Qxc6 Qxc6 27. Nxc6 Rac8 28. Nd4 a6 29. a4 (29. Nxe6 Rxc2 30. Ng5 Rxb2 $17) 29... Kf7 30. c4 Red8 31. Kf2 h6 32. Ke3 Rd7 33. Ba3 g5 (33... Re8 $16 {was worth a try.}) 34. Rf1 $1 $18 Rcd8 (34... Rxd4 $142 35. Kxd4 Rg8 36. fxg5 hxg5) 35. Bd6 Re8 {Threatening ...Rxd6.} 36. Kd3 Kg6 37. b4 a5 38. bxa5 bxa5 39. c5 Bd5 40. g4 Be4+ 41. Ke3 Rf7 42. e6 {[%cal Be5e6,Be6e7][%mdl 32]} (42. Nxf5 Bg2 $16) (42. gxf5+ Bxf5 43. h4 gxf4+ 44. Rxf4 Bc8 $16) 42... Rf6 43. e7 $1 (43. gxf5+ Bxf5 44. fxg5 hxg5 $11) 43... Bg2 44. fxg5 (44. gxf5+ Rxf5 45. Rg1 (45. Nxf5 Bxf1 46. Nd4 Bxh3 $11) 45... Ba8) 44... Bxf1 45. gxf6 Kxf6 46. Nxf5 (46. gxf5 Bxh3 47. Kf4 Rg8 $11) 46... Bxh3 {[%mdl 4096] Endgame KRB-KBN} 47. Kf4 $1 ({Stronger than} 47. Nxh6 Kg6 $11) 47... Bg2 (47... Bf1 $142 48. Bc7 (48. Nxh6 Bd3 $16) 48... Ke6) 48. Nxh6 Bc6 {[#]} 49. g5+ $1 Kg6 50. Ng4 Bxa4 {[#]} 51. c6 $1 {[%mdl 512]} Kf7 (51... Bxc6 52. Ne5+) 52. c7 Ke6 {[#]} 53. Nf6 $2 ({White must play} 53. Bc5 $1 $18) 53... Rc8 $11 {The position is equal.} 54. Be5 Kxe7 55. Nd5+ Ke8 $2 {[%mdl 8192] Accuracy: White = 84%, Black = 29%.} (55... Ke6 $11 56. Nb6 Rf8+ 57. Ke4 Bc6+ 58. Kd4 Bb7) 1-0

[Event "XXXII Belgrade Trophy 2018"]
[Site "Belgrade"]
[Date "2018.12.02"]
[Round "9"]
[White "Lajthajm, Borko"]
[Black "Velickovic, Sasa"]
[Result "1-0"]
[WhiteElo "2407"]
[BlackElo "2293"]
[Annotator "TA"]
[PlyCount "55"]
[EventDate "2018.11.24"]
[EventType "swiss"]
[EventCountry "SRB"]
[SourceTitle "playchess.com"]
[Source "ChessBase"]
[SourceQuality "1"]

{[%evp 12,55,27,17,44,4,39,25,62,81,128,104,100,61,239,239,244,244,242,233,261,214,197,194,265,272,387,358,362,371,533,539,806,841,850,845,833,832,956,796,1677,1677,1528,1357,1810,1764]} 1. e4 d6 2. d4 Nf6 3. Nc3 g6 4. Nf3 Bg7 5. h3 O-O 6. Bg5 c6 7. Bd3 {LiveBook: 10 Games. B08: Pirc Defence: Classical System} b5 (7... Qc7 8. Qd2 e5 9. dxe5 dxe5 10. Bxf6 Bxf6 11. h4 Qe7 12. O-O-O Bg4 13. Rdg1 Nd7 14. Nh2 Be6 {0-1 (37) Kaczmarek,A (2398)-Krzyzanowski,M (2477) Pokrzywna 2018}) 8. a3 a6 9. Qd2 {White is slightly better.} Bb7 10. e5 $146 ({Predecessor:} 10. Bh6 c5 11. Bxg7 Kxg7 12. e5 Nfd7 13. Be4 Ra7 14. Bxb7 Rxb7 15. h4 cxd4 {½-½ (25) Theodoridis,S-Kakkanas,E Athens 1999}) 10... Ne8 11. Qe3 {aiming for exd6.} f6 12. Bh6 {Threatens to win with h4.} Nc7 $2 (12... fxe5 $14 13. dxe5 Nd7) 13. Bxg7 Kxg7 {[#]} 14. h4 $1 {[%cal Bh3h4,Bh4h5,Bh5h6][%mdl 32]} Qe8 15. h5 {hxg6 is the strong threat.} g5 16. h6+ Kh8 17. O-O-O ({Don't play} 17. Qe4 $6 Qf7 $16) 17... Qf7 (17... Nd5 {keeps fighting.} 18. Qe1 (18. Qe4 Qf7 $16) 18... Nf4) 18. Rde1 $18 Bc8 (18... Nd5 $142 19. Nxd5 cxd5 20. exf6 exf6 21. Nxg5 fxg5) 19. exd6 exd6 20. Qe7 Be6 (20... Nd7 $142 21. Qxd6 Ne8 22. Qxc6 Ra7) 21. Qxd6 {White is clearly winning.} Re8 {[#]} 22. Nxg5 $1 {[%mdl 512]} fxg5 23. Qe5+ Kg8 24. Qxg5+ Kf8 25. Re4 {And now Rf4 would win.} Re7 26. Rf4 Ke8 27. Rxf7 Rxf7 {[#]} 28. Bxh7 $1 {Precision: White = 78%, Black = 28%.} 1-0

[Event "XXXII Belgrade Trophy 2018"]
[Site "Belgrade"]
[Date "2018.12.02"]
[Round "9"]
[White "Cerovic, Danilo"]
[Black "Sanal, Vahap"]
[Result "0-1"]
[WhiteElo "2333"]
[BlackElo "2485"]
[Annotator "TA"]
[PlyCount "46"]
[EventDate "2018.11.24"]
[EventType "swiss"]
[EventCountry "SRB"]
[SourceTitle "playchess.com"]
[Source "ChessBase"]
[SourceQuality "1"]

{[%evp 12,46,22,14,27,25,39,33,28,36,34,14,12,0,4,-82,-61,-59,-61,-116,-116,-117,-103,-150,-114,-370,-366,-375,-373,-471,-488,-644,-653,-997,-831,-957,-810]} 1. e4 e5 2. Nf3 Nc6 3. Nc3 Nf6 4. Bb5 Bd6 5. d3 a6 6. Ba4 {C48: Four Knights: 4 Bb5, replies other than 4...Bb4} h6 7. a3 {LiveBook: 21 Games} Nd4 $146 ({Predecessor:} 7... Bc5 8. Bxc6 dxc6 9. Nxe5 Bxf2+ 10. Kxf2 Qd4+ 11. Be3 Qxe5 12. h3 Qe7 13. Rf1 Be6 14. Kg1 O-O-O 15. Qf3 Kb8 16. Qf2 {½-½ (16) Cornette,M (2599)-Adams,M (2744) Kilkenny 2016}) 8. Nxd4 {White has an edge.} exd4 9. Ne2 c5 10. O-O Bc7 11. Ng3 {Black must now prevent e5!} O-O 12. f4 d5 {[#] ...dxe4 is the strong threat.} 13. exd5 (13. e5 $11 Ng4 14. h3) 13... b5 14. Bb3 Bg4 15. Qe1 (15. Qd2 $1 $15) 15... Re8 $36 {[%mdl 2048] Black is on the roll.} 16. Qf2 c4 17. dxc4 {[#]} Bb6 $1 {Strongly threatening ...bxc4.} 18. c5 $2 {[%mdl 8192]} (18. Re1 $17 {keeps fighting.} Qc7 19. Rxe8+ Rxe8 20. Kh1) 18... Bxc5 $19 19. Kh1 Qb6 20. Qd2 h5 {[%cal Bh6h5,Bh5h4][%mdl 32] Black is clearly winning.} 21. Qd3 h4 22. h3 hxg3 23. hxg4 Re3 {Accuracy: White = 25%, Black = 86%.} 0-1